Reining in the competition for capital

Bibliographic Details
Corporate Author: ProQuest (Firm)
Other Authors: Markusen, Ann R.
Format: Electronic eBook
Language:English
Published: Kalamazoo, Mich. : W.E. Upjohn Institute for Employment Research, 2007.
Subjects:
Online Access:Click to View
LEADER 02210nam a2200409 a 4500
001 EBC3417124
003 MiAaPQ
005 20200520144314.0
006 m o d |
007 cr cn|||||||||
008 070104s2007 miua sb 001 0 eng
010 |z  2006103084 
020 |z 0880992956 (pbk. : alk. paper) 
020 |z 9780880992954 (pbk. : alk. paper) 
020 |z 0880992964 (hardcover : alk. paper) 
020 |z 9780880992961 (hardcover : alk. paper) 
035 |a (MiAaPQ)EBC3417124 
035 |a (Au-PeEL)EBL3417124 
035 |a (CaPaEBR)ebr10217914 
035 |a (OCoLC)320323339 
040 |a MiAaPQ  |c MiAaPQ  |d MiAaPQ 
050 4 |a HG3891  |b .R449 2007 
082 0 4 |a 332/.041  |2 22 
245 0 0 |a Reining in the competition for capital  |h [electronic resource] /  |c Ann Markusen, editor. 
260 |a Kalamazoo, Mich. :  |b W.E. Upjohn Institute for Employment Research,  |c 2007. 
300 |a xi, 215 p. :  |b ill. 
504 |a Includes bibliographical references and index. 
505 0 |a Institutional and political determinants of incentive competition / Ann Markusen and Katherine Nesse -- The sources and processes of tax and subsidy competition / Kenneth Thomas -- The fiscal consequences of competition for capital / Peter Fisher -- How the EU manages subsidy competition / Adinda Sinnaeve -- Solving the problems of economic development incentives / Timothy J. Bartik -- Negotiating the ideal deal: which local governments have the most bargaining leverage? / Rachel Weber -- Do better job creation subsidies hold real promise for business incentive reformers? / William Schweke -- Concrete ways to curtail the economic war among the states / Greg LeRoy -- The authors -- About the institute. 
533 |a Electronic reproduction. Ann Arbor, MI : ProQuest, 2015. Available via World Wide Web. Access may be limited to ProQuest affiliated libraries. 
650 0 |a Capital movements. 
650 0 |a Capital market. 
650 0 |a Fiscal policy. 
650 0 |a Competition, International. 
655 4 |a Electronic books. 
700 1 |a Markusen, Ann R. 
710 2 |a ProQuest (Firm) 
856 4 0 |u https://ebookcentral.proquest.com/lib/matrademy/detail.action?docID=3417124  |z Click to View